000 00321nam a22001457a 4500
020 _a978-9352833979
041 _aENG
100 _aR.S Khurml
245 _aA Textbook of Strength of Matrials
260 _anew Delhi
_bS Chand And Company
_c2018
300 _a734
650 _aFS
700 _aN Khurmi
856 _uFS
999 _c91
_d91